00418njm a2200157 i 4500001001100000003000500011005001700016008004100033040002500074245001000099264004900109336002100158337002500179338002300204650003300227C2-0307004PPAK20180729163350.0101227s2007 xxu|||| ||||| | eng d aPPAKbengcPPAKerda00aRoots 1aUnited States : bBBC Audio America , c2007 2rdacontentatext 2rdamediaaunmediated 2rdacarrieravolume10aAfrican- American- Biography